| 000 | 00484nam a2200181 a 4500 | ||
|---|---|---|---|
| 005 | 20140310183258.0 | ||
| 008 | 000527s19uu xx 00 eng d | ||
| 020 | _a0812523334 | ||
| 050 |
_aPS 1017 _b.Al355 1994 |
||
| 100 | _aAlcott, Luisa May | ||
| 245 |
_aLittle women / _cLuisa May Alcott. |
||
| 260 |
_aNew York : _bA Tom Doherty Associates book, _c1994. |
||
| 300 |
_a459 p. : _c18 cm |
||
| 650 | _aFamily | ||
| 650 |
_aSisters _xTitle |
||
| 942 |
_cBK _2lcc |
||
| 999 |
_c20907 _d20907 |
||